Szczegóły MARC21

Die Wahlverwandtschaften : ein Roman /

003 -Nazwa inst., której nr kontr. jest w polu 001 [,]
    • @
    • Nazwa instytucji, której n kontrolny jest w polu 001
    • NUKAT
005 -DATA I CZAS OSTATNIEJ MODYFIKACJI [,]
    • @
    • pole kontrolne
    • 20250315033127.0
020 -Międzynarod. znormalizowany nr książki - ISBN [ , ]
    • a
    • Numer ISBN
    • 3458147799 Find
    • q
    • Dopowiedzenie
    • Leinenausgabe
020 -Międzynarod. znormalizowany nr książki - ISBN [ , ]
    • a
    • Numer ISBN
    • 3458147802 Find
    • q
    • Dopowiedzenie
    • Lederausgabe
040 -Instytucja sporządzająca opis [ , ]
    • a
    • Instytucja, która sporządziła opis (NP)
    • GD U/AP
    • c
    • Instytucja, która sporządziła rekord (NP)
    • GD U/APs
    • d
    • Instytucja, która zmodyfikowała rekord (P)
    • KAT U/46MMs
942 -Rodzaj dokumentu [ , ]
    • c
    • Rodzaj dokumentu
    • Książka
100 -Hasło główne - nazwa osobowa [1, ]
    • a
    • Nazwa osobowa (NP)
    • Goethe, Johann Wolfgang von
    • d
    • Daty biograficzne (NP)
    • (1749-1832).
    • 9
    • KHW
    • 16761
240 -Tytuł ujednolicony [1,0]
    • a
    • Tytuł ujednolicony
    • Wahlverwandtschaften
    • l
    • Język tekstu
    • (niem.)
    • 9
    • KHW
    • 402237
245 -Strefa tytułu i oznaczenia odpowiedzialności [1,4]
    • a
    • Tytuł
    • Die Wahlverwandtschaften : Find
    • b
    • Ciąg dalszy tytułu (NP)
    • ein Roman / Find
    • c
    • Pozostałe elementy strefy tytułu i oznaczenia odpowiedzialności (NP)
    • Johann Wolfgang Goethe ; Erl. von Hans-J. Weitz ; mit einem Essay von Walter Benjamin "Goethes Wahlverwandtschaften".
250 -Strefa wydania [ , ]
    • a
    • Oznaczenie wydania (NP)
    • 3. Aufl.
260 -Strefa adresu wydawniczego [ , ]
    • a
    • Miejsce wydania (P)
    • Frankfurt am Main :
    • b
    • Nazwa wydawcy (P)
    • Insel Verlag,
    • c
    • Data wydania (P)
    • 1992.
300 -Strefa opisu fizycznego [ , ]
    • a
    • Określenie formy książki i/lub objętość (NP)
    • 332, [3] s. ;
    • c
    • Format (NP)
    • 18 cm.
336 -Typ zawartości [ , ]
    • a
    • Termin opisujący typ zawartości
    • Tekst
    • b
    • Kod określający zawartość
    • txt
    • 2
    • Źródło (terminu i kodu)
    • rdacontent
337 -Typ mediów [ , ]
    • a
    • Tryb odtwarzania
    • Bez urządzenia pośredniczącego
    • b
    • Kod typu mediów
    • n
    • 2
    • Źródło (terminu i kodu)
    • rdamedia
338 -Typ/rodzaj nośnika [ , ]
    • a
    • Hasło opisujące typ nośnika
    • Wolumin
    • b
    • Kod typu nośnika
    • nc
    • 2
    • Źródło (terminu i kodu)
    • rdacarrier
490 -Strefa serii i książki wielotomowej - forma nie do wyszukiwania [1, ]
    • a
    • Tytuł (P)
    • Insel-Bibliothek Find
830 -Hasło dodatkowe serii i opisu książki wielotomowej - tytuł ujednolicony/tytuł [ ,0]
    • a
    • Tytuł ujednolicony/tytuł (NP)
    • Insel-Bibliothek
    • 9
    • KHW
    • 632772
080 -Uniwersalna Klasyfikacja Dziesiętna [ , ]
    • a
    • Symbol klasyfikacji
    • 830-31=30
600 -Hasło przedmiotowe w formie nazwy osobowej [1,7]
    • a
    • Nazwa osobowa
    • Goethe, Johann Wolfgang von
    • d
    • Daty związane z nazwą
    • (1749-1832).
    • t
    • Tytuł
    • Wahlverwandtschaften
    • 2
    • Źródło terminu
    • kaba
    • 9
    • KHW
    • 327777
655 -Hasło w funkcji tematu formalnego [ ,7]
    • a
    • Hasło
    • Literatura niemiecka
    • y
    • Określnik chronologiczny
    • 19 w.
    • 2
    • Źródło terminu
    • kaba
    • 9
    • KHW
    • 117341
655 -Hasło w funkcji tematu formalnego [ ,7]
    • a
    • Hasło
    • Powieść niemiecka
    • y
    • Określnik chronologiczny
    • 19 w.
    • 2
    • Źródło terminu
    • kaba
    • 9
    • KHW
    • 187295
980 -Symbol UKD [ , ]
    • a
    • UKD
    • 830-31=30
700 -Hasło dodatkowe - nazwa osobowa [1, ]
    • a
    • Nazwa osobowa (NP)
    • Weitz, Hans-Joachim Find
    • d
    • Daty biograficzne (NP)
    • (1904- ).
    • e
    • Określenie rodzaju współpracy
    • Oprac.
    • 9
    • KHW
    • 475170
700 -Hasło dodatkowe - nazwa osobowa [1,2]
    • a
    • Nazwa osobowa (NP)
    • Benjamin, Walter Find
    • d
    • Daty biograficzne (NP)
    • (1892-1940).
    • t
    • Tytuł ujednolicony/tytuł (NP)
    • Goethes Wahlverwandtschaften Find
    • l
    • Język tekstu (NP)
    • (niem.)
    • 9
    • KHW
    • 633645
710 -Hasło dodatkowe - nazwa ciała zbiorowego [2, ]
    • a
    • Nazwa ciała zbiorowego lub nazwa geograficzna jako pierwszy element (NP)
    • Insel-Verlag Anton Kippenberg.
    • 4
    • Kod relacji
    • pbl
    • 9
    • KHW
    • 64445
920 -ISBN [ , ]
    • a
    • ISBN
    • 3-458-14779-9 Find
    • q
    • Dopowiedzenie
    • Leinenausgabe
920 -ISBN [ , ]
    • a
    • ISBN
    • 3-458-14780-2 Find
    • q
    • Dopowiedzenie
    • Lederausgabe
Lokalizacja Data inwentaryzacji Numer inwentarzowy Status udost. Sygnatura
BM1998-09-18G.13985-3Germ. Literatura niemiecka